000 00507nam a2200169Ia 4500
999 _c770
_d770
003 OSt
005 20201224132723.0
008 190216s9999||||xx |||||||||||||| ||und||
040 _coclc
082 _a492.7321
_bWEH/D
100 _aWehr, Hans
_94587
245 2 _aA Dictionary Of Modern Written Arabic /
_cHans Wehr ; J Milton Cowan
260 _bMacdonald and Evans Ltd,
_aLondon:
_c1980.
300 _a1110p
650 _aArabic
942 _cBK
_2ddc
_h492.7321
_iWEH/D
_k492.7321
_mWEH/D